Sports Quiz

Random Sports or College Quiz

Colleges by Location (Alabama-Florida) Quiz Stats

 Plays Quiz not verified by Sporcle

Score 0/72 Timer 15:00
0 Plays Today
Location College % Correct
Tuscaloosa, AlabamaAlabama
99.4%
Auburn, AlabamaAuburn
89.9%
Tucson, ArizonaArizona
79.9%
Fayetteville, ArkansasArkansas
79.9%
Tempe, ArizonaArizona St
79.2%
Birmingham, AlabamaAlabama-Birmingham
78%
Troy, AlabamaTroy
72.3%
Gainesville, FloridaFlorida
71.1%
Berkeley, CaliforniaCalifornia
70.4%
Los Angeles, CaliforniaUCLA
70.4%
Los Angeles, CaliforniaUSC
70.4%
Palo Alto, CaliforniaStanford
69.2%
Boulder, ColoradoColorado
69.2%
Tallahassee, FloridaFlorida St
69.2%
San Diego, CaliforniaSan Diego St
68.6%
Fresno, CaliforniaFresno St
67.3%
Storrs, ConnecticutConnecticut
67.3%
Ft. Collins, ColoradoColorado St
66%
San Jose, CaliforniaSan Jose St
64.8%
Coral Gables, FloridaMiami
64.8%
Washington D.C.Georgetown
64.2%
Tampa, FloridaSouth Florida
64.2%
Colorado Spring, ColoradoAir Force
62.3%
Newark, DelawareDelaware
62.3%
Irvine, CaliforniaUC Irvine
61%
Orlando, FloridaCentral Florida
61%
San Francisco, CaliforniaSan Francisco
60.4%
New Haven, ConnecticutYale
59.7%
Fullerton, CaliforniaCal St Fullerton
59.1%
Pine Bluff, ArkansasArkansas-Pine Bluff
57.9%
Denver, ColoradoDenver
57.9%
Miami, FloridaFlorida International
57.2%
Jonesboro, ArkansasArkansas St
56.6%
Jacksonville, AlabamaJacksonville St
56%
Little Rock, ArkansasArkansas-Little Rock
56%
Long Beach, CaliforniaLong Beach St
56%
Location College % Correct
Santa Clara, CaliforniaSanta Clara
56%
Davis, CaliforniaUC Davis
56%
Santa Barbara, CaliforniaUC Santa Barbara
56%
San Diego, CaliforniaSan Diego
54.7%
Riverside, CaliforniaUC Riverside
54.7%
Dover, DelawareDelaware St
54.7%
Boca Raton, FloridaFlorida Atlantic
54.7%
Washington D.C.George Washington
54.1%
Flagstaff, ArizonaNorthern Arizona
51.6%
Tallahassee, FloridaFlorida A&M
50.3%
Jacksonville, FloridaJacksonville
49.7%
Montgomery, AlabamaAlabama St
49.1%
Malibu, CaliforniaPepperdine
47.8%
Northridge, CaliforniaCal St Northridge
46.5%
Mobile, AlabamaSouth Alabama
45.3%
Normal, AlabamaAlabama A&M
44%
Fairfield, ConnecticutFairfield
44%
Moraga, CaliforniaSaint Mary's
42.8%
Sacramento, CaliforniaSacramento St
41.5%
Washington D.C.American
40.3%
Greeley, ColoradoNorthern Colorado
35.2%
San Luis Obispo, CaliforniaCal Poly
34.6%
Bakersfield, CaliforniaCal St Bakersfield
34.6%
Washington D.C.Howard
34.6%
Stockton, CaliforniaPacific
33.3%
New Britain, ConnecticutCentral Connecticut
33.3%
Jacksonville, FloridaNorth Florida
32.7%
DeLand, FloridaStetson
32.1%
West Hartford, ConnecticutHartford
30.2%
Fort Myers, FloridaFlorida Gulf Coast
30.2%
Homewood, AlabamaSamford
29.6%
Los Angeles, CaliforniaLoyola Marymount
28.3%
Daytona Beach, FloridaBethune-Cookman
27.7%
Conway, ArkansasCentral Arkansas
24.5%
Hamden, ConnecticutQuinnipiac
18.9%
Fairfield, ConnecticutSacred Heart
17%

You're not logged in!

Compare scores with friends on all Sporcle quizzes.
OR
Log In

Show Comments

Extras

Top Quizzes Today


Score Distribution

Your Account Isn't Verified!

In order to create a playlist on Sporcle, you need to verify the email address you used during registration. Go to your Sporcle Settings to finish the process.

Report this User

Report this user for behavior that violates our Community Guidelines.

Details: